Statystyki dla Państwa z największą liczbą turystów z wyjątkami

Kliknij tutaj aby rozwiązać quiz!

Ogólne statystyki

  • Ten quiz został rozwiązany 4,121 razy
  • Średni wynik to 14 z 20

Statystyki odpowiedzi

# Turyści Kraj % poprawnych
3.79,6 mlnStany Zjednoczone
99%
4.62,9 mlnChiny
97%
11.31,1 mlnJaponia
93%
17.21,1 mlnKanada
92%
7.41,4 mlnMeksyk
89%
35.11,3 mlnEgipt
87%
38.9,25 mlnAustralia
87%
20.17,4 mlnIndie
86%
37.10,5 mlnPołudniowa Afryka
78%
6.45,8 mlnTurcja
75%
26.15,3 mlnKorea Południowa
71%
31.13,4 mlnIndonezja
71%
9.38,3 mlnTajlandia
67%
24.15,9 mlnZjednoczone Emiraty Arabskie
62%
32.12,3 mlnMaroko
61%
27.15,3 mlnArabia Saudyjska
59%
25.15,5 mlnWietnam
54%
14.25,8 mlnMalezja
47%
28.14,7 mlnSingapur
41%
36.11,0 mlnTajwan
31%

Rozkład punktacji

Percentyl według liczby udzielonych odpowiedzi

Procent ludzi z każdym wynikiem

Twoja historia wyników

Nie rozwiązałeś tego quizu